THE CULTURE OF THE ENGLISH PEOPLE IRON AGE TO THE INDUSTRIAL REVOLUTION / (Record no. 615794)
[ view plain ]
| 000 -LEADER | |
|---|---|
| fixed length control field | 00399nam a22001337a 4500 |
| 020 ## - INTERNATIONAL STANDARD BOOK NUMBER | |
| Qualifying information | PB. |
| 040 ## - CATALOGING SOURCE | |
| Transcribing agency | FIZZA ISHAQ |
| 082 ## - DEWEY DECIMAL CLASSIFICATION NUMBER | |
| Classification number | 942.20 |
| Author Mark | POU |
| 100 ## - MAIN ENTRY--PERSONAL NAME | |
| Personal name | POUNDS,G.J.N. |
| 9 (RLIN) | 132738 |
| 245 ## - TITLE STATEMENT | |
| Title | THE CULTURE OF THE ENGLISH PEOPLE IRON AGE TO THE INDUSTRIAL REVOLUTION / |
| Statement of responsibility, etc. | N.J.G. POUNDS. |
| 260 ## - PUBLICATION, DISTRIBUTION, ETC. | |
| Place of publication, distribution, etc. | NEW YORK; |
| Name of publisher, distributor, etc. | CAMBRIDGE UNIVERSITY PRESS, |
| Date of publication, distribution, etc. | 1994. |
| 300 ## - PHYSICAL DESCRIPTION | |
| Extent | 477 P. ; |
| Dimensions | 9.5X6.8IN |
| 942 ## - ADDED ENTRY ELEMENTS (KOHA) | |
| Source of classification or shelving scheme | |
| Koha item type | Book |
| Withdrawn status | Lost status | Source of classification or shelving scheme | Damaged status | Not for loan | Permanent Location | Current Location | Shelving location | Date acquired | Total Checkouts | Full call number | Barcode | Date last seen | Price effective from | Koha item type |
|---|---|---|---|---|---|---|---|---|---|---|---|---|---|---|
| NUST Baluchistan Campus (NBC) | NUST Baluchistan Campus (NBC) | Reference | 01/07/2026 | 942.20 POU | QD-970 | 01/07/2026 | 01/07/2026 | Book |
